000 00473nam a2200181Ia 4500
008 090123s9999 xx 000 0 und d
082 _b8161
100 _aपाध्ये भाऊ
245 _aमुरगी
250 _a1
260 _bडिंपल प्रकाशन
300 _a162
600 _aपाध्ये भाऊ
630 _aमुरगी
700 _aपाध्ये भाऊ
730 _aमुरगी
942 _cBOOK
999 _c46227
_d46227